| 000 | 01063nam a2200337 a 4500 | ||
|---|---|---|---|
| 001 | 25396 | ||
| 003 | CO-ViMGA | ||
| 005 | 20230915232056.0 | ||
| 006 | Mimo0002253484 | ||
| 008 | 141112s2004 ck r 000 u spa d | ||
| 016 | _abimoBNE20061045224 SpMaBN | ||
| 017 | _aB 32450 - 2005 Oficina Depósito Legal Barcelona | ||
| 020 | _a8484495809 | ||
| 035 | _a(OCoLC)434381293 | ||
| 040 |
_aCO-ViMGA _bspa _cCO-ViMGA |
||
| 041 | _aspa jpn | ||
| 080 | _a821.521 - 91"19" | ||
| 082 | 0 | 4 | _a741.5 A44s |
| 100 | 1 |
_aAkimine, Kamijyo _938721 |
|
| 245 | 1 | 0 |
_aSamurai Deeper Kyo / _cKamijyo Akimine ; traducción, Ayako Koike |
| 260 | _aBarcelona Glenat [2004 - 2007] | ||
| 300 | _aprincipalmente il. 18 cm | ||
| 490 | _aShonen manga | ||
| 500 | _aen colección v. 1 - 12. | ||
| 650 | 1 | 4 |
_aComics - Japon _938722 |
| 650 | 1 | 4 |
_aHistorietas _914186 |
| 650 | 1 | 4 | _aTiras cómicas |
| 942 |
_2ddc _cBK |
||
| 956 | _a1 2 | ||
| 980 | _a852. 40 SpMaBN BNALCALA AHI/7324 SG_PETANTI 853. 20 1 v. 863. 43 1.10 10 B 2537 - 2005 84 - 8449 - 572 - 8 866. 40 0 v. 10 | ||
| 999 |
_c32994 _d32994 |
||